000 00359nam a2200169Ia 4500
008 210210b1892 xxu||||| |||| 00| 0 eng d
041 _aeng
082 _a444/349
100 _aLEVY (Arthur)
245 _aNapoleon in time
260 _aLondon
_b-
_c1892
650 _atime
650 _aNapoleon
650 _ain
690 _aFrench
906 _a006544
999 _c129533
_d129533